| 000 | 00000nam##2200000za#4500 |
| 001 | 9.571044 |
| 003 | CaOODSP |
| 005 | 20210624182531 |
| 007 | cr ||||||||||| |
| 008 | 150406|2005||||xxc|||||o f|0| 0 eng|d |
| 040 | |aCaOODSP|beng |
| 043 | |an-cn--- |
| 086 | 1 |aYC33-0/381-12E-PDF |
| 110 | 1 |aCanada. |bParliament. |bSenate. |bStanding Committee on National Security and Defence. |
| 245 | 10|aBorderline insecure : |h[electronic resource]|bCanada's land border crossings are key to Canada's security and prosperity. Why the lack of urgency to fix them? What will happen if we don't? / |cThe Honourable Colin Kenny, chair ; the Honourable J. Michael Forrestall, vice-chair. |
| 246 | 3 |aAn interim report by the Senate Committee on National Security and Defence |
| 260 | |aOttawa - Ontario : |bSenate. |cJune 2005. |
| 300 | |a221p.|bcoloured maps, figs. (some coloured), illus., references, tables |
| 490 | 1 |aReport of the Standing Senate Committee on National Security and Defence|v38th Parliament, 1st Session, [12th report] |
| 590 | |a11-12-Supp|b2011-07-29 |
| 775 | 08|tÀ la limite de l'insécurité : |w(CaOODSP)9.601687 |
| 830 | #0|aReport of the Standing Senate Committee on National Security and Defence ;|v38th Parliament, 1st Session, [12th report]|w(CaOODSP)9.505249 |
| 856 | 40|ahttp://publications.gc.ca|qPDF|s3.46 MB|uhttps://publications.gc.ca/collections/collection_2011/sen/yc33-0/YC33-0-381-12-eng.pdf|y38th Parliament, 1st Session, [12th report] |